Mastering visual Basic .NET database programming

שמור ב:
מידע ביבליוגרפי
פורמט: ספר
שפה:Undetermined
יצא לאור: San Francisco Sybex 2002
נושאים:
תגים: הוספת תג
אין תגיות, היה/י הראשונ/ה לתייג את הרשומה!
Thư viện lưu trữ: Trung tâm Học liệu Trường Đại học Cần Thơ
LEADER 00449nam a2200157Ia 4500
001 CTU_117680
008 210402s9999 xx 000 0 und d
082 |a 005.133 
082 |b M423 
245 0 |a Mastering visual Basic .NET database programming 
260 |a San Francisco 
260 |b Sybex 
260 |c 2002 
650 |a Visual basic (computer programs language) 
904 |i M.Loan 
980 |a Trung tâm Học liệu Trường Đại học Cần Thơ